LEADER 01132nam--2200385---450- 001 990000814360203316 005 20081229103043.0 010 $a88-13-22899-6 035 $a0081436 035 $aUSA010081436 035 $a(ALEPH)000081436USA01 035 $a0081436 100 $a20011220d2000----km-y0itay0103----ba 101 0 $aita 102 $aIT 105 $ay|||n|||001yy 200 1 $a<> sistema di gestione ambientale$fAlessandro Ruggieri 210 $aPadova$cCedam$dcopyr. 2000 215 $aX, 152 p.$d24 cm 410 0$12001 606 $aAmbiente naturale$xProtezione$xAspetti economici 606 $aImpresa e ambiente 676 $a332.72 700 1$aRUGGIERI,$bAlessandro$0269259 801 0$aIT$bsalbc$gISBD 912 $a990000814360203316 951 $a332.72 RUG 1 (IRA 6 600)$b31102 G.$cIRA 6$d00077506 959 $aBK 969 $aECO 979 $aCHIARA$b90$c20011220$lUSA01$h1110 979 $c20020403$lUSA01$h1727 979 $aPATRY$b90$c20040406$lUSA01$h1656 979 $aRSIAV2$b90$c20081229$lUSA01$h1030 996 $aSistema di gestione ambientale$9679293 997 $aUNISA LEADER 04471nam 2200625 450 001 9910479982103321 005 20210930193039.0 010 $a0-8218-9501-X 035 $a(CKB)3360000000463961 035 $a(EBL)3113223 035 $a(SSID)ssj0000893460 035 $a(PQKBManifestationID)11459736 035 $a(PQKBTitleCode)TC0000893460 035 $a(PQKBWorkID)10925708 035 $a(PQKB)10230732 035 $a(MiAaPQ)EBC3113223 035 $a(PPN)197102298 035 $a(EXLCZ)993360000000463961 100 $a20140612h20132013 uy 0 101 0 $aeng 135 $aur|n|---||||| 181 $ctxt 182 $cc 183 $acr 200 10$aRecent advances in scientific computing and applications $eeighth International Conference on Scientific Computing and Applications, April 1-4, 2012, University of Nevada, Las Vegas, Nevada /$fJichun Li, Hongtao Yang, Eric Machorro, editors 210 1$aProvidence, Rhode Island :$cAmerican Mathematical Society,$d2013. 210 4$dİ2013 215 $a1 online resource (396 p.) 225 1 $aContemporary Mathematics,$x1098-3627 ;$vVolume 586 300 $aDescription based upon print version of record. 311 $a0-8218-8737-8 320 $aIncludes bibliographical references. 327 $a""Preface""; ""Multifrequency inverse source problem for elastic waves""; ""1. Introduction""; ""2. Direct and Inverse Source Problems for Elastic Wave Propagation""; ""3. Reconstruction algorithms""; ""4. Conclusion""; ""References""; ""Multiscale mortar mixed methods for heterogeneous elliptic problems""; ""1. Introduction""; ""2. Mortar domain decomposition mixed method""; ""3. Resolving heterogeneities using homogenization theory""; ""4. A multiscale mortar space based on homogenization""; ""5. Numerical results""; ""6. Conclusions""; ""References"" 327 $a""Multi-physical modeling and multi-scale computation of nano-optical responses""""1. Multi-Physical Modeling and Nano-Optics""; ""2. Linear Response Theory""; ""3. The Self-Consistent Multiscale Method""; ""4. Numerical Examples""; ""5. Adaptive Methods for the Kohn-Sham Equation""; ""6. Concluding Remarks""; ""References""; ""A Lagged Diffusivity Method for Computing Total Variation Regularized Fluid Flow""; ""1. Introduction""; ""2. Total Variation Regularized Optical Flow and LDFPI""; ""3. Results of Optical Flow Calculations""; ""4. Convergence Analysis of LDFPI for Optical Flow"" 327 $a""5. Conclusions""""Acknowledgements""; ""References""; ""Estimating the bias of local polynomial approximation methods using the Peano kernel""; ""1. Introduction""; ""2. Problem Formulation and Derivation of Error Estimates""; ""3. Some Values for the Constants and Comparison With Other Results""; ""4. Conclusion""; ""Acknowledgements""; ""References""; ""Stability and dispersion analysis of high order FDTD methods for Maxwella???s equations in dispersive media""; ""1. Introduction""; ""2. Model Formulation""; ""3. High Order Numerical Methods for Dispersive Media"" 327 $a""4. Stability Analysis""""5. Dispersion Analysis""; ""6. Conclusions""; ""Acknowledgments""; ""References""; ""Numerical approximation of a multiscale Leray model for incompressible, viscous flow""; ""1. Introduction""; ""2. Notation and Preliminaries""; ""3. Scheme and Stability""; ""4. Convergence""; ""5. Numerical Experiments""; ""6. Conclusion""; ""References""; ""A High Order Schema for the Numerical Solution of Ordinary Fractional Differential Equations""; ""1. Introduction""; ""2. High order block-by-block schema""; ""3. Estimates of the truncation errors""; ""4. Numerical results"" 327 $a""References"" 410 0$aContemporary mathematics (American Mathematical Society) ;$vVolume 586. 606 $aMultigrid methods (Numerical analysis)$vCongresses 606 $aNumerical analysis$vCongresses 608 $aElectronic books. 615 0$aMultigrid methods (Numerical analysis) 615 0$aNumerical analysis 676 $a518/.64 702 $aLi$b Jichun 702 $aYang$b Hongtao$f1962- 702 $aMachorro$b Eric A$g(Eric Alexander),$f1969- 712 12$aInternational Conference on Scientific Computing and Applications 801 0$bMiAaPQ 801 1$bMiAaPQ 801 2$bMiAaPQ 906 $aBOOK 912 $a9910479982103321 996 $aRecent advances in scientific computing and applications$92468776 997 $aUNINA LEADER 01153nam0 2200361 450 001 9910231754503321 005 20260305121531.0 010 $a978-88-8497-598-0 100 $a20171219d2017----km y0itay50 ba 101 2 $aita$aeng 102 $aIT 105 $aa 001yy 200 1 $aAbitare insieme$eil progetto contemporaneo dello spazio condiviso$fa cura/editor Michelangelo Russo 210 $aNapoli$cCLEAN Edizioni$d2017 215 $a251 p.$cill.$d21x23 cm 225 1 $aAbitare il futuro$d= inhabiting the future$v25 510 1 $aLiving together$ethe contemporary project of the shared space 610 0 $aSpazi pubblici$aSistemazione urbanistica 676 $a711.55$v23 700 1$aRusso,$bMichelangelo$035327 801 0$aIT$bUNINA$gREICAT$2UNIMARC 901 $aBK 912 $a9910231754503321 952 $aB 605 CAN$b487/2017$fDARPU 952 $aB 606 CAN$b488/2017$fDARPU 952 $aB 607 CAN$b92/2022$fDARPU 952 $a19.962$b654/2018$fDARST 952 $aURB.LE B 3077$b485/2018$fFARBC 959 $aFARBC 959 $aDARST 959 $aDARPU 996 $aAbitare insieme$91507048 997 $aUNINA